00287nam a2200109Ia 4500008004100000245004500041260003300086260000900119300000900128500001300137650002700150170224s9999 xx 000 0 und d aSystem of Automata Recognizing Languages bPhilippine Computing Journal c2014 aIX:2 aDecember xInformation Technology